[Event "SC Kreuzberg IM 2018"]
[Site "Berlin"]
[Date "2018.08.05"]
[Round "8.4"]
[White "Berger, Steve"]
[Black "Sandu, Mihaela"]
[Result "1-0"]
[WhiteElo "2428"]
[BlackElo "2268"]
[Annotator "TA"]
[PlyCount "83"]
[EventDate "2018.08.06"]
[EventType "tourn"]
[EventCountry "GER"]
[SourceTitle "playchess.com"]
[Source "ChessBase"]
[SourceQuality "1"]

{[%evp 21,83,28,20,39,50,16,20,29,29,5,19,6,14,7,31,21,33,24,18,23,31,15,29,35,44,17,13,19,64,55,58,58,60,58,54,49,129,8,8,0,0,0,0,0,0,0,43,42,54,50,89,108,186,161,267,274,222,134,303,301,518,365,29985,29986]} 1. e4 c5 2. Nc3 e6 3. Nge2 Nc6 4. g3 Nf6 5. Bg2 d6 6. d4 cxd4 7. Nxd4 Be7 8. Nxc6 bxc6 9. e5 Nd5 10. exd6 Qxd6 11. Ne4 {B80: Sizilianisch (Scheveninger System)} (11. O-O Ba6 12. Ne4 Qc7 13. Re1 O-O 14. Qf3 Rad8 15. a3 h6 16. Nd2 Bf6 17. Rb1 c5 18. c4 Ne7 {½-½ (54) Narayanan,S (2549)-Sukandar,I (2396) Gold Coast 2018}) 11... Qc7 {LiveBook: 3 Partien} 12. c4 Nf6 13. O-O {Weiß steht etwas besser.} Nxe4 $146 ({Vorgänger:} 13... O-O 14. Bg5 Nxe4 15. Bxe7 Qxe7 16. Bxe4 Bb7 17. Qc2 f5 18. Bg2 e5 {½-½ (76) Guseinov,G (2421)-Korobov,A (2378) St Petersburg 2000}) 14. Bxe4 O-O 15. Re1 e5 $1 16. Qa4 Bd7 17. Bd2 Bc5 18. Bb4 Bxb4 19. Qxb4 f5 20. Bg2 e4 21. Rad1 Be6 22. b3 Rad8 23. f3 f4 24. Rxd8 Qxd8 25. Rxe4 Bf5 26. Re2 ({Schlechter ist} 26. Rxf4 g5 $17) 26... Bd3 27. Re7 Qd4+ 28. Kh1 Qa1+ {[#]} (28... Bb1 $14) 29. Qe1 (29. Re1 $1 $16 {[%cal Re1a1]} Qd4 30. Rd1) 29... Qxa2 $11 30. h4 $40 {[%mdl 128] Weiss greift an.} fxg3 31. Qxg3 {[%csl Ge7][%cal Rg3g7]} Qa1+ 32. Kh2 Qf6 33. Rxa7 h6 34. Rd7 Bc2 35. Rd6 Qe7 36. Rxh6 Bxb3 (36... c5 $16) 37. Rxc6 $18 Bd1 (37... Ba4 $142 38. Rc7 Qf6) 38. Rc7 Qf6 39. f4 {c5 ist eine echte Drohung.} Kh8 $2 {[#]} (39... Bh5 $16 40. c5 Qd4) 40. c5 $1 Rd8 $2 (40... Qxf4 {ist wohl besser.} 41. c6 Qf6) 41. Qg5 Qd4 $2 {[#]} (41... Rd2 $18 42. Qxf6 gxf6) 42. Rxg7 $1 {[%mdl 512] Precision: Weiß = 48%, Schwarz = 45%.} 1-0

[Event "SC Kreuzberg IM 2018"]
[Site "Berlin"]
[Date "2018.08.05"]
[Round "8.5"]
[White "Barath, Madhan"]
[Black "Malek, Daniel"]
[Result "0-1"]
[WhiteElo "2307"]
[BlackElo "2383"]
[Annotator "TA"]
[PlyCount "164"]
[EventDate "2018.08.06"]
[EventType "tourn"]
[EventCountry "GER"]
[SourceTitle "playchess.com"]
[Source "ChessBase"]
[SourceQuality "1"]

{[%evp 17,164,-51,33,33,68,69,69,69,71,38,42,40,47,27,57,62,87,75,87,75,78,78,105,12,44,-19,-34,0,34,0,0,0,4,-134,-26,-62,-49,-95,-90,-68,0,0,83,75,71,0,0,-47,-31,-40,-43,-89,-8,-101,-31,-81,47,37,279,269,250,66,86,66,59,82,81,68,56,52,711,675,831,312,375,213,127,0,0,0,0,0,0,-814,-38,-71,-11,-12,0,0,-2,-15,0,-35,-31,-303,-303,-254,-289,-279,-285,-413,-403,-402,0,0,0,-2,0,-2,-2,-2,-2,-2,-2,-1202,-1163,-1873,-1559,-2161,-1791,-1939,-2013,-1877,-1755,-1736,-1357,-2240,-2112,-1821,-1691,-2163,-1928,-1345,-1431,-1345,-1361,-1092,-425,-962,-962,-6079,-5422,-29981,-29982,-29982,-29983,-29988,-29989]} 1. d4 Nf6 2. c4 e6 3. Nc3 Bb4 4. f3 c5 5. a3 Bxc3+ 6. bxc3 Nc6 7. e4 d6 8. Be3 b6 9. Bd3 e5 {LiveBook: 8 Partien. E24: Nimzoindisch (Sämisch-Variante)} (9... O-O $15) 10. d5 $14 (10. Ne2 h6 11. O-O g5 12. Ng3 Na5 13. Qe2 Qe7 14. Rfe1 Be6 15. Rab1 Rg8 16. Rb5 Qc7 17. Reb1 {½-½ (36) Moskalenko,V (2591)-Aroshidze,L (2539) Barcelona 2011}) 10... Ne7 11. Ne2 Ng6 {Weiß steht etwas besser.} 12. Qd2 h6 $146 ({Vorgänger:} 12... O-O 13. h4 Re8 14. h5 Nf8 15. g4 {1-0 (31) Castaneda,R (2017)-Mendoza Aguilar,G (2132) San Carlos 2014}) 13. g3 Bh3 {Droht ...Lg2.} 14. Ng1 Bd7 15. h4 h5 16. Nh3 Qe7 17. a4 a5 18. Bg5 Kd8 19. Nf2 Kc7 20. f4 (20. Bc2 $16) 20... Nf8 $11 21. O-O (21. Kf1 $14) 21... N8h7 22. fxe5 dxe5 23. Be3 Ne8 24. Rfb1 Ra6 25. Nd1 (25. Kg2 $11 {hält das Gleichgewicht.}) 25... Nd6 (25... Rg8 $1 $17 26. Bg5 Nxg5 27. Qxg5 Qxg5 28. hxg5 h4 29. gxh4 Rh8) 26. Qf2 {Weiss will Lxc5! spielen.} Nb7 27. Bd2 g5 28. Ne3 gxh4 ({Besser ist} 28... Nd6 $1 $15) 29. d6+ $1 Qxd6 (29... Kxd6 $11 30. gxh4 (30. Nd5 hxg3 31. Qxg3 Qd8 $15) 30... Rg8+ 31. Kh1 Kc6) 30. Nd5+ $16 Kb8 31. gxh4 (31. Qxf7 $16 {Und Dg7 würde nun gewinnen.} Qe6 32. Qxh5) 31... Rg8+ $11 32. Kh1 (32. Kh2 $5 {[%cal Rb1g1]} Qe6 33. Qf5 $11) 32... Qe6 33. Bf1 Rg6 34. Rb2 Nf6 (34... Ka7 $17 35. Rab1 Nf6) 35. Qf3 (35. Bg2 $11 {bleibt in der Remisbreite.}) 35... Ka7 (35... Nd6 $17 36. Rab1 Nfxe4 37. Nxb6 Ka7 38. Nxd7 Qxd7) 36. Rab1 Nxd5 (36... Qg4 $17 {( -> ...Dg1#)} 37. Qxg4 Nxg4) 37. cxd5 $14 Qe7 $2 (37... Qg4 $14 38. Qxg4 Bxg4) 38. Bg5 $18 (38. Qxh5 $6 Bg4 $18) 38... f6 39. Qxh5 $2 (39. Be3 $18 b5 40. Bxb5) 39... Qg7 $1 $14 40. Bxa6 fxg5 41. Bxb7 $1 Rh6 42. Qf3 $1 Kxb7 43. h5 g4 $2 {[%mdl 8192]} (43... Qh7 $14) 44. Qe3 $18 Ka6 {[#]} 45. Kg1 $2 (45. Qxh6 $1 {[%mdl 512]} Qxh6 46. Rxb6+ Qxb6 47. Rxb6+ Kxb6 48. h6 Bxa4 49. h7) 45... Rf6 46. Qd3+ (46. d6 $142 Rxd6 47. Rd2 Rxd2 48. Qxd2) 46... Ka7 47. d6 (47. Qd2 $16 Qe7 48. c4) 47... Rf3 $11 48. Qe2 Qf6 49. Qe1 Qf4 $1 50. h6 $2 {[%mdl 8192]} (50. Rxb6 $2 Rg3+ 51. Qxg3 Qxg3+ 52. Kf1 Qf3+ 53. Kg1 Qe3+ 54. Kf1 Qxe4 $19) (50. c4 $11) 50... Rg3+ $2 (50... Rh3 $19 51. Qc1 Qxe4) 51. Rg2 $15 Rxg2+ ({Günstiger ist} 51... Rh3 $1 $17 52. Qd2 Qxe4) 52. Kxg2 $11 Qxh6 $17 {[%mdl 4096] Endspiel KDT-KDL} 53. Rd1 $1 Qh3+ 54. Kg1 Qf3 {Und weiter mit ...Lc6 wäre nett.} 55. Qd2 Qxe4 56. Qd5 $2 {[%mdl 8192]} (56. Re1 $15 Qf3 57. Re3) 56... Qe3+ $19 (56... Qxa4 57. Rf1 $15) 57. Kg2 {[#]} Qh3+ $1 ({Minderwertig wäre} 57... Qxc3 58. Rf1 $11) (57... Bxa4 58. Qf7+ Ka6 59. Qc4+ Bb5 60. Qxg4 $11) 58. Kg1 {[#]} Qg3+ $1 ({Schwächer ist} 58... Qxc3 59. Rf1 $15) ({Und nicht} 58... Bxa4 59. Qf7+ Ka6 60. d7 $11) 59. Qg2 (59. Kf1 $142) 59... Qxc3 60. Qd5 {beabsichtigt Tf1.} Qc2 $2 ({Lieber} 60... Qg3+ $19 61. Qg2 Qe3+ 62. Qf2 Qb3) 61. Rf1 $1 $11 {[%cal Rf1f8] zielt auf Tf8 ab.} g3 {[%csl Gg3][%cal Rc2h2]} 62. Rf8 {[%csl Gd5][%cal Rf8a8]} Qh2+ (62... Bc8 $5 63. Rf7+ $8 Kb8 $11) 63. Kf1 {[%csl Gd5][%cal Rf8a8]} g2+ (63... Bc8 $5 64. Rf7+ $8 Kb8 $11) 64. Qxg2 Qxg2+ 65. Kxg2 {Droht Tf7 und aus. KT-KL} Kb7 66. Rf1 $2 {[%mdl 8192]} (66. Kf3 $11) 66... Bxa4 $19 67. Rf7+ Kc6 68. d7 Kc7 69. d8=Q+ Kxd8 70. Kf3 Bc6+ 71. Ke3 a4 72. Kd3 b5 73. Ra7 Kc8 74. Kc3 Kb8 75. Re7 e4 {[%cal Be5e4,Be4e3,Be3e2][%mdl 32]} 76. Re5 c4 77. Kb4 Kc7 (77... a3 $142 {Weiss muss nun ...a2 beachten.} 78. Kxa3 Kc7) 78. Rg5 (78. Kc5 $142 a3 79. Re7+ Bd7 80. Rxe4) 78... Kd6 79. Rh5 e3 80. Rh3 e2 {Schwarz setzt Matt.} 81. Re3 {[#]} Bf3 $1 {[%mdl 512]} 82. Kxb5 {[#]} (82. Rxf3 e1=Q+) 82... c3 $1 {Precision: Weiß = 33%, Schwarz = 47%.} 0-1

[Event "SC Kreuzberg IM 2018"]
[Site "Berlin"]
[Date "2018.08.05"]
[Round "9.1"]
[White "Malek, Daniel"]
[Black "Brunello, Marina"]
[Result "1-0"]
[WhiteElo "2383"]
[BlackElo "2280"]
[Annotator "TA"]
[PlyCount "71"]
[EventDate "2018.08.06"]
[EventType "tourn"]
[EventCountry "GER"]
[SourceTitle "playchess.com"]
[Source "ChessBase"]
[SourceQuality "1"]

{[%evp 16,71,45,37,105,95,138,137,137,92,92,85,91,86,90,92,92,93,111,101,84,89,95,58,125,110,200,204,240,235,241,242,234,222,324,251,338,259,337,322,395,387,393,393,395,390,385,363,460,450,448,442,419,388,636,461,461,461]} 1. c4 e5 2. g3 Nf6 3. Bg2 c6 4. Nf3 e4 5. Nd4 d5 6. d3 {A20: Englische Eröffnung} (6. cxd5 Qxd5 7. e3 Na6 8. d3 Bb4+ 9. Nc3 Nc5 10. O-O Bxc3 11. dxe4 Ncxe4 12. bxc3 O-O 13. Qc2 c5 14. Nb3 Bf5 {0-1 (59) Gelfand,B (2729)-Inarkiev,E (2702) Nazran 2017}) 6... Bc5 7. Nb3 Bb6 8. cxd5 cxd5 9. O-O {LiveBook: 3 Partien} Bf5 (9... O-O $14) 10. Nc3 $16 Nbd7 {[#]} 11. Nxd5 $1 {[%mdl 512]} exd3 {...Sxd5 wäre jetzt gut für Schwarz.} (11... Nxd5 12. dxe4) 12. exd3 $146 {Droht stark Te1+.} ({Vorgänger:} 12. Nxb6 Nxb6 13. exd3 {0-1 (33) Leer Salvesen,B (2261)-Montavon,G (2071) Hamburg 1999}) 12... Nxd5 13. Bxd5 {Und weiter mit Te1+ wäre nett.} O-O 14. Bxb7 Ne5 15. d4 Bg4 16. f3 Rb8 17. fxg4 Rxb7 18. Be3 Nc4 19. Qe2 Qd5 (19... Nxe3 $14 20. Qxe3 Re7) 20. Bf2 f5 (20... Rd7 $16) 21. Rac1 $18 Nd6 22. Qe5 Qxe5 23. dxe5 Bxf2+ 24. Rxf2 ({Bloß nicht} 24. Kxf2 $6 fxg4+ 25. Kg2 Nf5 $16) 24... Ne4 (24... Nf7 {war nötig.} 25. Na5 (25. Rxf5 g6 $16) (25. gxf5 Nxe5 26. Rcf1 Rc8 $18) 25... Re7) 25. Rxf5 h6 26. Kg2 Rd8 27. h4 a5 {Schwarz hofft, mit ...a4 fortzusetzen.} 28. Re1 a4 29. Rxe4 axb3 {[%mdl 4096] Endspiel KTT-KTT} 30. a3 Rc7 31. Rf2 Rc2 32. Rxc2 bxc2 33. Rc4 Rd2+ 34. Kf3 c1=Q $2 {[#]} (34... Kf7 35. Rc6 Rd3+ 36. Kf2 Rd2+ 37. Kf3 Rd3+ 38. Ke4 Rxg3 39. Rxc2 Rxg4+ 40. Kf5 Ra4 41. Rc7+ Kg8) 35. Rxc1 Rxb2 36. Ra1 {Precision: Weiß = 84%, Schwarz = 33%.} 1-0

[Event "SC Kreuzberg IM 2018"]
[Site "Berlin"]
[Date "2018.08.05"]
[Round "9.2"]
[White "Sandu, Mihaela"]
[Black "Barath, Madhan"]
[Result "1-0"]
[WhiteElo "2268"]
[BlackElo "2307"]
[Annotator "TA"]
[PlyCount "85"]
[EventDate "2018.08.06"]
[EventType "tourn"]
[EventCountry "GER"]
[SourceTitle "playchess.com"]
[Source "ChessBase"]
[SourceQuality "1"]

{[%evp 29,85,0,8,-16,67,68,58,43,35,41,29,0,0,-93,148,46,66,47,34,19,113,-12,-12,-12,-12,-12,-12,-29,-26,-25,21,0,77,75,59,70,69,72,212,0,4,0,203,193,199,174,185,176,211,210,366,389,542,540,539,524,1383,1280]} 1. e4 {Ftacnik,L} c5 2. Nf3 d6 3. d4 cxd4 4. Nxd4 Nf6 5. Nc3 a6 6. Be2 e5 7. Nb3 Be7 8. O-O O-O 9. Be3 Be6 10. Qd2 Nbd7 {[%cal Bb8d7,Bd7b6,Bb6c4][%mdl 32]} 11. a4 {[%cal Ba2a4,Ba4a5][%mdl 32]} Nb6 12. a5 {B92: Sicilian Najdorf: 6 Be2} Nc4 13. Bxc4 Bxc4 14. Rfd1 Rc8 15. f3 Rc6 {LiveBook: 9 Games} 16. Kh1 {[#]} Nh5 $146 (16... Qc8 $11) ({Predecessor:} 16... Qc8 17. Rac1 Rd8 18. Nd5 Bxd5 19. exd5 Rc4 {0-1 (63) Jakovenko,D (2742)-Carlsen,M (2772) Nanjing 2009 CBM 133 [Ftacnik,L]}) 17. Nc1 $14 Qc8 18. Na4 f5 19. Nb6 Rxb6 20. axb6 fxe4 21. fxe4 (21. b3 $11 Be6 22. fxe4) 21... Bh4 $2 (21... Nf6 $17 {and life is bright.} 22. Nd3 Nxe4) 22. Nd3 (22. Ne2 $16) 22... Qg4 23. Rf1 {Strongly threatening Rxf8+.} Nf6 24. Rf3 {And now Qb4 would win.} Qxe4 (24... Nxe4 $11 25. Rxf8+ Kxf8) 25. Bg5 ({Better is} 25. Ra4 $16 {b3 is the strong threat.} Qd5 26. b3) 25... Bxg5 $11 26. Qxg5 Bd5 27. Raf1 {[%cal Rf3f6]} h6 28. Qg3 Kh7 29. Qf2 Ng4 30. Qg3 (30. Qd2 {with more complications.} Rxf3 31. Rxf3 Qd4 32. Rg3 Be6 33. h3) 30... Rxf3 (30... Nf6 $11 {remains equal.}) 31. Qxf3 $16 Qxf3 32. gxf3 $11 {[%mdl 4096] Endgame KRN-KBN} Ne3 33. Rf2 Ng4 {[#]} (33... Bc6 $16) 34. Rf1 $2 (34. Rd2 $1 $18) 34... Ne3 35. Rf2 $2 (35. Rc1 $11) 35... Ng4 $1 $18 {[%cal Rg4f2] [#]} 36. Rd2 $1 Bxf3+ 37. Kg1 Nf6 {White must now prevent ...Ne4.} 38. Ne1 Bc6 39. Rxd6 Nd7 $2 (39... e4 {keeps fighting.} 40. c4 Nd7) 40. Nd3 a5 {[#]} 41. Rxd7 $1 {[%mdl 512] White is clearly winning.} Bxd7 42. Nxe5 Be6 43. c4 {Precision: White = 51%, Black = 44%.} 1-0

[Event "SC Kreuzberg IM 2018"]
[Site "Berlin"]
[Date "2018.08.05"]
[Round "9.3"]
[White "Muse, Drazen"]
[Black "Berger, Steve"]
[Result "1/2-1/2"]
[WhiteElo "2361"]
[BlackElo "2428"]
[Annotator "NA"]
[PlyCount "23"]
[EventDate "2018.08.06"]
[EventType "tourn"]
[EventCountry "GER"]
[SourceTitle "playchess.com"]
[Source "ChessBase"]
[SourceQuality "1"]
[TimeControl "40/5400+30:1800+30"]

1. d4 {[%emt 1:30:29]} e6 {[%emt 1:30:23]} 2. Nf3 {[%emt 1:30:55]} Nf6 {[%emt 1:31:04]} 3. c4 {[%emt 1:31:04]} d5 {[%emt 1:31:04]} 4. Nc3 {[%emt 1:31:45]} c5 {[%emt 1:31:25]} 5. cxd5 {[%emt 1:32:11]} Nxd5 {[%emt 1:31:41]} 6. e4 {[%emt 1:32:37]} Nxc3 {[%emt 1:32:02]} 7. bxc3 {[%emt 1:33:04]} cxd4 {[%emt 1:32:19]} 8. cxd4 {[%emt 1:33:31]} Bb4+ {[%emt 1:32:36]} 9. Bd2 {[%emt 1:33:56]} Bxd2+ {[%emt 1:32:54]} 10. Qxd2 {[%emt 1:34:18]} Z0 11. Qd1 Z0 12. Ng1 1/2-1/2

[Event "SC Kreuzberg IM 2018"]
[Site "Berlin"]
[Date "2018.08.05"]
[Round "9.4"]
[White "Moritz, Aron"]
[Black "Meissner, Felix"]
[Result "0-1"]
[WhiteElo "2199"]
[BlackElo "2330"]
[Annotator "RC"]
[PlyCount "110"]
[EventDate "2018.08.06"]
[EventType "tourn"]
[EventCountry "GER"]
[SourceTitle "playchess.com"]
[Source "ChessBase"]
[SourceQuality "1"]
[TimeControl "40/5400+30:1800+30"]

1. e4 {[%emt 1:30:27]} c5 {[%emt 1:30:23]} 2. Nf3 {[%emt 1:31:09]} d6 {[%emt 1:31:09]} 3. d4 {[%emt 1:31:09]} cxd4 {[%emt 1:31:01]} 4. Nxd4 {[%emt 1:31:34]} Nf6 {[%emt 1:31:27]} 5. Nc3 {[%emt 1:31:59]} Nbd7 {[%emt 1:31:46]} 6. g3 {[%emt 1:27:05]} a6 {[%emt 1:23:34]} 7. a4 {[%emt 1:23:41]} b6 {[%emt 1:20:54]} 8. Bg2 {[%emt 1:23:06]} Bb7 {[%emt 1:19:31]} 9. O-O {[%emt 1:21:50]} e6 {[%emt 1:19:08]} 10. Re1 {[%emt 1:20:15]} Rb8 {[%emt 1:16:09]} 11. f4 {[%emt 1:11:26]} h5 {[%emt 1:08:51]} 12. h3 {[%emt 1:03:22]} Qc7 {[%emt 1:04:56]} 13. Nd5 {[%emt 0:49:25]} exd5 {[%emt 0:56:31]} 14. exd5+ {[%emt 0:49:42]} Be7 {[%emt 0:54:27]} 15. Nf5 {[%emt 0:48:18]} Ng8 {[%emt 0:54:40]} 16. Nxg7+ {[%emt 0:41:13]} Kf8 {[%emt 0:47:09]} 17. Nf5 {[%emt 0:35:56]} Bf6 {[%emt 0:46:23]} 18. Ra3 {[%emt 0:32:41]} Ne7 {[%emt 0:43:48]} 19. Nxe7 {[%emt 0:28:15]} Bxe7 {[%emt 0:44:01]} 20. Rc3 {[%emt 0:27:11]} Qd8 {[%emt 0:44:09]} 21. Rce3 {[%emt 0:22:52]} Bf6 {[%emt 0:44:09]} 22. g4 {[%emt 0:22:04]} Bh4 {[%emt 0:40:03]} 23. Rf1 {[%emt 0:18:53]} b5 {[%emt 0:35:36]} 24. axb5 {[%emt 0:16:41]} hxg4 {[%emt 0:35:07]} 25. hxg4 {[%emt 0:16:59]} Qb6 {[%emt 0:34:30]} 26. bxa6 {[%emt 0:16:07]} Bxa6 {[%emt 0:32:38]} 27. Rff3 {[%emt 0:16:32]} Re8 {[%emt 0:30:34]} 28. g5 {[%emt 0:15:11]} Kg7 {[%emt 0:26:29]} 29. b3 {[%emt 0:15:07]} f6 {[%emt 0:25:35]} 30. Bh3 {[%emt 0:14:09]} Nf8 {[%emt 0:19:35]} 31. Kg2 {[%emt 0:13:52]} Ng6 {[%emt 0:19:20]} 32. Be6 {[%emt 0:13:33]} Rh5 {[%emt 0:09:20]} 33. Re4 {[%emt 0:10:51]} Reh8 {[%emt 0:08:31]} 34. Bg4 {[%emt 0:08:25]} R5h7 {[%emt 0:08:41]} 35. Be3 {[%emt 0:07:26]} Qc7 {[%emt 0:07:57]} 36. Bd4 {[%emt 0:07:19]} Rf8 {[%emt 0:04:49]} 37. Re6 {[%emt 0:06:46]} Bc8 {[%emt 0:03:07]} 38. Rxf6 {[%emt 0:02:25]} Bxg4 {[%emt 0:02:36]} 39. Rxd6+ {[%emt 0:02:42]} Kf7 {[%emt 0:02:38]} 40. Rf6+ {[%emt 0:02:28]} Ke8 {[%emt 0:02:30]} 41. Re3+ {[%emt 0:00:41]} Re7 {[%emt 0:28:03]} 42. Rxf8+ {[%emt 0:17:45]} Kxf8 {[%emt 0:27:22]} 43. Qxg4 {[%emt 0:17:58]} Qxc2+ {[%emt 0:27:16]} 44. Kh3 {[%emt 0:17:41]} Rh7 {[%emt 0:25:14]} 45. Bg7+ {[%emt 0:12:25]} Rxg7 {[%emt 0:24:12]} 46. f5 {[%emt 0:11:33]} Qd2 {[%emt 0:18:41]} 47. Qf3 {[%emt 0:06:50]} Rf7 {[%emt 0:18:37]} 48. d6 {[%emt 0:01:18]} Bxg5 {[%emt 0:17:41]} 49. Qa8+ {[%emt 0:01:01]} Kg7 {[%emt 0:18:05]} 50. Qa1+ {[%emt 0:01:26]} Kh6 {[%emt 0:15:09]} 51. Re6 {[%emt 0:00:58]} Qd3+ {[%emt 0:15:10]} 52. Kg2 {[%emt 0:01:08]} Qd5+ {[%emt 0:14:23]} 53. Kg1 {[%emt 0:01:24]} Qxf5 {[%emt 0:13:52]} 54. Qe1 {[%emt 0:00:02]} Qg4+ {[%emt 0:13:23]} 55. Kh1 {[%emt 0:00:05]} Rh7 {[%emt 0:11:22]} 0-1

[Event "SC Kreuzberg IM 2018"]
[Site "Berlin"]
[Date "2018.08.05"]
[Round "9.5"]
[White "Kalinitschew, Sergey"]
[Black "Glantz, Robert"]
[Result "1/2-1/2"]
[WhiteElo "2430"]
[BlackElo "2336"]
[Annotator "TA"]
[PlyCount "108"]
[EventDate "2018.08.06"]
[EventType "tourn"]
[EventCountry "GER"]
[SourceTitle "playchess.com"]
[Source "ChessBase"]
[SourceQuality "1"]

{[%evp 20,108,12,11,15,15,16,10,21,18,31,36,35,31,47,31,42,54,54,39,54,41,54,56,83,76,77,74,94,76,101,53,63,66,59,63,65,33,34,27,35,20,25,17,22,18,33,32,39,23,30,33,40,0,0,0,0,0,0,0,0,0,0,0,0,0,0,0,0,0,11,11,11,8,8,0,0,0,0,0,0,0,0,0,0,0,0,0,0,0,0]} 1. d4 Nf6 2. g3 e6 3. Bg2 d5 4. c4 Be7 5. Nf3 O-O 6. O-O c6 7. Nbd2 {[%cal Bb1d2,Bd2c4,Bc4e5][%mdl 32]} Nbd7 8. b3 b6 9. Bb2 Bb7 10. Rc1 Rc8 11. e3 {LiveBook: 9 Games} dxc4 {E07: Closed Catalan: Main Line (5 Nf3 0-0 6 0-0 Nbd7)} 12. Nxc4 c5 13. Qe2 b5 14. Nce5 Qb6 {[#]} 15. Rfd1 $146 ({Predecessor:} 15. Nxd7 Nxd7 16. dxc5 Bxc5 17. Rfd1 Rfd8 18. Ng5 g6 19. Bxb7 Qxb7 {1-0 (54) Saric,A (2540)-Horvath,C (2497) Sibenik 2016}) 15... Rfd8 16. dxc5 Bxc5 17. Nxd7 Rxd7 18. Rxd7 Nxd7 19. Ng5 h6 $1 {[%cal Rh6g5]} 20. Qd3 {[#] aiming for Qh7+.} Nf8 21. Ne4 Bxe4 22. Qxe4 Rc7 23. h4 Nd7 24. b4 Bd6 25. Rc6 (25. Rd1 {is interesting.} Be7 26. Qa8+ Qb8 27. Qxb8+ Nxb8 28. Be5) 25... Rxc6 26. Qxc6 Qxc6 27. Bxc6 $14 {[%mdl 4096] Endgame KBB-KBN} Nb6 $1 28. a3 Nc4 29. Bc1 a6 30. Kf1 Kf8 31. Ke2 Ke7 32. Bb7 a5 33. bxa5 Nxa5 34. Ba6 b4 {[%cal Bb5b4,Bb4b3,Bb3b2][%mdl 32]} 35. Bd2 Nc6 36. Bb5 Na7 {The position is equal.} 37. a4 $1 Nxb5 38. axb5 $11 {With the idea Kd3. KB-KB} b3 $1 {[%cal Rb3b2] [#] ...b2 is the strong threat.} 39. Kd3 Ba3 40. Ba5 Kd6 41. Kc3 b2 42. Kc2 Kc5 43. b6 Kc6 44. h5 Bc5 45. Bc3 f6 46. Bxb2 Bxb6 47. Ba3 {Black must now prevent Bf8.} Bc5 $1 {[%cal Rc5a3]} 48. Bxc5 Kxc5 {KP-KP} 49. Kd3 Kd5 50. e4+ Kc5 51. Kc3 e5 52. f4 Kb5 53. Kb3 Kc5 54. Kc3 Kb5 {Precision: White = 70%, Black = 75%.} 1/2-1/2